EPR a UV-vis-NIR spektroelektrochémia koordinačných zlúčenín dizertačná práca

Salvato in:
Dettagli Bibliografici
Autore principale: Machata, Peter
Natura: Libro
Lingua:inglese
Pubblicazione: Bratislava STU FCHPT 2015
Accesso online:Visualizza in OPAC
Tags: Aggiungi Tag
Nessun Tag, puoi essere il primo ad aggiungerne!!

MARC

LEADER 00000nam a2200000 a 4500
005 20260127134235.0
008 160303 000 0 eng d
035 |a vtls011532329 
039 9 |y 201603030824  |z mschk02 
040 |a STUSCHK1  |b slo  |c STUSCHK1  |e AACR2 
100 1 |a Machata, Peter 
245 1 |a EPR a UV-vis-NIR spektroelektrochémia koordinačných zlúčenín  |b dizertačná práca  |c Peter Machata 
260 |a Bratislava  |b STU FCHPT  |c 2015 
300 |a 90 s.  |b il.  |c 24 cm 
500 |a Školiace pracovisko: Odd. fyzikálnej chémie 
910 |a SCHK95 
999 |c 7562  |d 7562